000
00313nam a2200121 a 4500
001
4140
005
20140414131858.0
008
090218s19uu xx 00 eng d
050
_a
FIL
_b
D54 1991
100
_a
Chorengel, Marla Yotoko
245
_a
Dikya, the jellyfish :
_b
and why it has no bones.
999
_c
110556
_d
110556